Que o exemplo não se perca (Record no. 46171)

MARC details
000 -Etiqueta do registo
Valores 00447nam a2200157 4500
100 ## - Dados gerais de processamento
Dados gerais 20260602 pory50
101 ## - Língua de publicação
Língua por
102 ## - País de publicação
País PT
200 ## - Titulo e menção de responsabilidade
Título próprio Que o exemplo não se perca
Informação de outro título Poesia
Primeira menção de responsabilidade Lisete Pinto de Sá
Outras menções de responsabilidade pref. Maria do Céu Guerra
210 ## - Publicação
Local de publicação [S.l.]
Nome do editor Movimento Democrático de Mulheres Núcleo de Montemor-o-Novo
Data de publicação 2004
215 ## - Descrição física 
Paginação / Volumes 79 p.
675 ## - CDU
Notação 821.134.3-1
801 ## - Fonte de origem
País PT
Regras de catalogação RPC
990 ## - Elementos KOHA
Tipo de documento Livro
Holdings
Aquisição Empréstimo Código de barras Cota Permissão de empréstimo Tipo de documento Nota relativa ao exemplar
Biblioteca Municipal de Redondo Biblioteca Municipal de Redondo 057269 821.134.3-1 SA   Livro oferta de Franklim Amaro Cabreirinha. Obra autografada pela autora

Powered by Koha